El Quijote y Barcelona (Record no. 11048)

MARC details
000 -CABECERA
campo de control de longitud fija 01563nam a22003737a 4500
001 - NÚMERO DE CONTROL
campo de control BRCA_9426
003 - IDENTIFICADOR DEL NÚMERO DE CONTROL
campo de control FranzMayer
005 - FECHA Y HORA DE LA ÚLTIMA TRANSACCIÓN
campo de control 20230918130523.0
008 - DATOS DE LONGITUD FIJA--INFORMACIÓN GENERAL
campo de control de longitud fija 230906b |||||||| |||| 00| 0 eng d
020 ## - NÚMERO INTERNACIONAL ESTÁNDAR DEL LIBRO
Número Internacional Estándar del Libro 8497851692
040 ## - FUENTE DE LA CATALOGACIÓN
Centro catalogador/agencia de origen MFM
Lengua de catalogación ESPAÑOL
Centro/agencia transcriptor MFM
050 #0 - SIGNATURA TOPOGRÁFICA DE LA BIBLIOTECA DEL CONGRESO
Número de clasificación PQ6323.A1
Número de documento/Ítem A38 2005
110 1# - ENTRADA PRINCIPAL--NOMBRE DE ENTIDAD CORPORATIVA
Código de función/relación Responsable
Nombre de entidad corporativa o nombre de jurisdicción como elemento de entrada Ajuntament de Barcelona
9 (RLIN) 29667
240 ## - TÍTULO UNIFORME
Título uniforme El Quijote y Barcelona
Lenguaje de la obra Español
245 0# - MENCIÓN DE TÍTULO
Título El Quijote y Barcelona
260 ## - PUBLICACIÓN, DISTRIBUCIÓN, ETC.
Lugar de publicación, distribución, etc. Barcelona, España
Nombre del editor, distribuidor, etc. Ajuntament de Barcelona
Fecha de publicación, distribución, etc. 2005
300 ## - DESCRIPCIÓN FÍSICA
Extensión 196 p
Otras características físicas Ilustraciones a color
Dimensiones 30 cm
500 ## - NOTA GENERAL
Nota general Anexo 1
500 ## - NOTA GENERAL
Nota general Incluye una tarjeta a color en la primer página con más información sobre el material
505 ## - NOTA DE CONTENIDO CON FORMATO
Nota de contenido con formato Texto en: españolIncluye índice temáticoDirigido a: personas con interés en el Quijote de la Mancha
650 1# - PUNTO DE ACCESO ADICIONAL DE MATERIA--TÉRMINO DE MATERIA
Fuente del encabezamiento o término Literatura española
Término de materia o nombre geográfico como elemento de entrada Cervantes de Saavedra, Miguel
Subdivisión de forma Obras de Cervantes
9 (RLIN) 29668
651 2# - PUNTO DE ACCESO ADICIONAL DE MATERIA--NOMBRE GEOGRÁFICO
Fuente del encabezamiento o término Don Quijote de la Mancha
Nombre geográfico Catálogos
Subdivisión de forma El Quijote y Barcelona
9 (RLIN) 29669
700 1# - PUNTO DE ACCESO ADICIONAL--NOMBRE DE PERSONA
Código de función/relación Colaborador
Nombre de persona Blecua, Alberto
9 (RLIN) 29670
700 1# - PUNTO DE ACCESO ADICIONAL--NOMBRE DE PERSONA
Código de función/relación Colaborador
Nombre de persona Burgos Rincón, Javier
9 (RLIN) 29671
700 1# - PUNTO DE ACCESO ADICIONAL--NOMBRE DE PERSONA
Código de función/relación Colaborador
Nombre de persona Canavaggio, Jean
9 (RLIN) 29672
700 1# - PUNTO DE ACCESO ADICIONAL--NOMBRE DE PERSONA
Código de función/relación Colaborador
Nombre de persona J. Close, Anthony
9 (RLIN) 29673
700 1# - PUNTO DE ACCESO ADICIONAL--NOMBRE DE PERSONA
Código de función/relación Colaborador
Nombre de persona García Cárcel, Ricardo
9 (RLIN) 29674
700 1# - PUNTO DE ACCESO ADICIONAL--NOMBRE DE PERSONA
Código de función/relación Colaborador
Nombre de persona García Espuche, Albert
9 (RLIN) 29675
700 1# - PUNTO DE ACCESO ADICIONAL--NOMBRE DE PERSONA
Código de función/relación Colaborador
Nombre de persona Peña, Manuel
9 (RLIN) 29676
700 1# - PUNTO DE ACCESO ADICIONAL--NOMBRE DE PERSONA
Código de función/relación Colaborador
Nombre de persona Riera, Carme
9 (RLIN) 29677
700 1# - PUNTO DE ACCESO ADICIONAL--NOMBRE DE PERSONA
Código de función/relación Colaborador
Nombre de persona Ríquer de, Martí
9 (RLIN) 29678
700 1# - PUNTO DE ACCESO ADICIONAL--NOMBRE DE PERSONA
Código de función/relación Colaborador
Nombre de persona Serés, Guillermo
9 (RLIN) 29679
942 ## - ELEMENTOS DE PUNTO DE ACCESO ADICIONAL (KOHA)
Fuente del sistema de clasificación o colocación Library of Congress Classification
Tipo de ítem Koha Libros
Holdings
Estado de retiro Estado de pérdida Fuente del sistema de clasificación o colocación Estado dañado No para préstamo Código de colección Localización permanente Ubicación/localización actual Fecha de adquisición Total de préstamos Signatura topográfica completa Código de barras Fecha visto por última vez Precio válido a partir de Tipo de ítem Koha
El ejemplar forma parte de la colección y puede ser consultado según las políticas vigentes.   Library of Congress Classification     Fondo Contemporáneo Biblioteca del Museo Franz Mayer (Rogerio Casas-Alatriste) Biblioteca del Museo Franz Mayer (Rogerio Casas-Alatriste) 06/09/2023   PQ6323.A1 A38 2005 CONT10199 06/09/2023 06/09/2023 Libros